00854nam a22001815i 4500001000700000003000900007005001700016008004100033040002000074100004300094245013300137260006300270300002100333500008500354500001900439600003200458852018200490162159ES-MaACL20250930063143.0000121s1872 sp |||| | spa d aCAM bspa cCAM1 aPina Domínguez, Mariano, d1840-189510aPirlimpimpin 1º b: zarzuela bufo-fantástica en dos actos / cletra de Mariano Pina Dominguez ; música de Cecilio Re Mi Fa. aMadrid : b[s.n.], c1872 (fImprenta de José Rodriguez) a46 p. ; c19 cm. aEn port.: Estrenada en Madrid en el Teatro de los Bufos el 5 de octubre de 1872. aSolo la letra.14aCecilio Re Mi Fa (músico) aES-MaACLjF-8583(7) z-- Enc. pasta española q-- Falto de la cub. originalz-- Enc. en un vol. facticio formando parte de la col. facticia "Teatro español moderno", vol. 36